Dallas Mavericks 40 Point Games - Statistics

General Stats
  • This quiz has been taken 585 times
    77 since last reset
  • The average score is 6 of 16
Answer Stats
Player Max Nb % Correct
Dirk Nowitzki 53 20
99%
Luka Dončić 73 43
99%
Kyrie Irving 48 8
90%
Mark Aguirre 49 22
53%
Rolando Blackman 46 4
49%
Cooper Flagg 51 4
46%
Michael Finley 42 1
40%
Derek Harper 42 1
31%
Tim Hardaway Jr. 42 2
24%
Jim Jackson 50 3
23%
Josh Howard 47 1
20%
Jamal Mashburn 50 3
19%
Sam Perkins 45 1
9%
Jay Vincent 41 2
6%
Rodrigue Beaubois 40 1
4%
O.J. Mayo 40 1
3%
No matching quizzes found
Score Distribution
Percent of People with Each Score
Percentile by Number Answered
Your Score History
You have not taken this quiz since the last reset